000 01078nas a2200325 4500
001 BR2011008094
003 BR-BrBNA
005 20231205115833.0
007 ta
008 230509b bl.|||p| |||| 00| 00por d
040 _aBR-BrBNA
_bpor
_cBiblioteca Nacional de Agricultura
041 _a(Pt)
072 _aL74; L70
100 1 _aLeme Júnior, P. de T. de O.
100 1 _aCastro, J.L.C.
100 1 _aRosa, M.B. da
100 1 _aSilva, S.S.R. da
100 1 _aMôro, W. da S.
100 1 _aRaiser, A.G.
245 1 _aLuxação patelar bilateral lateral em um felino (feliscatus)- Relato de caso
246 1 _aBilateral lateral patellar luxation in one cat (feliscatus)- Case report
650 _aGATO
650 _aLUXAÇÃO
650 _aOSSO
650 _aCIRURGIA
650 _aVETERINÁRIA
773 0 _tMEDVEP. Revista Científica de Medicina Veterinária. Pequenos Animais e Animais de Estimação (Brazil)
_xISSN 1678-1430
_g(Aug-Oct 2003), v. 9(30) p. 438-440
_wBR2011008094
909 _a202311
_bLúcia
_c55
_dLúcia Elande
942 _2AGRIS
_n0
_cANA
999 _c215949
_d215949